• 首页
  • 本馆介绍
  • 公告通知
  • 最新文献
  • 馆藏检索
  • 电子资源
  • 读者导购
  • 参考咨询
  • 我的图书馆
  • 登录
  • 详细信息显示
  • 放入我的书架
  • 预约/预借图书
  • 作者相关作品
  • 分类相关作品
  • 丛书相关作品
  • 出版社相关作品

书目信息

  • 表格格式
  • 工作单格式
  • 卡片格式
题名:
我国农村科学实验成果选
    
 
作者: ;大寨大队党支部 编
分册:  
出版信息: 北京   农村读物出版社  1978
页数: 473页
开本: 19cm
丛书名:
单 册:
中图分类: S-12
科图分类:
主题词: 科学实验-农业科学--中国--文集 , 农业科学-科学实验--中国--文集
电子资源:
ISBN:
000 00730nam0 2200253 45
001 0178000182
005 20060801085337.62
010    @dCNY0.81
091    @a16168.8
100    @a19950803d1978 em y0chiy0121 ea
101 0  @achi
102    @aCN@b110000
105    @ay z 000yy
200 10 @a我国农村科学实验成果选@Awo guo nong cun ke xue shi yan cheng guo xuan@f大寨大队党支部等编
210    @a北京@c农村读物出版社@d1978
215    @a473页@d19cm
300    @a农村版图书
606    @a科学实验-农业科学@y中国@x文集
606    @a农业科学-科学实验@y中国@x文集
610 0  @a成果选
690    @aS-12@v3
711 02 @a大寨大队党支部@Ada zhai da dui dang zhi bu@4编
801  0 @aCN@bTSSF@c20060801
905    @a10447@dS-12@e25
    
    我国农村科学实验成果选/大寨大队党支部等编.-北京:农村读物出版社,1978
    473页;19cm
    农村版图书
    
    ISBN :CNY0.81
    
●
相关链接 在E读中查询图书 在五车中查询图书 在当当中查询图书 在豆瓣中查询图书


正题名:我国农村科学实验成果选     索取号:S-12/25         预约/预借

序号 登录号 条形码 馆藏地/架位号 状态 备注
1 0439258   204392585   密集书库/ [索取号:S-12/25] 在馆    
2 0439297   204392978   密集书库/ [索取号:S-12/25] 在馆    
唐山师范学院图书馆 欢迎您!
大连网信软件有限公司© 版权所有